| 000 | 00778nam a2200241 a 4500 | ||
|---|---|---|---|
| 005 | 20140310183451.0 | ||
| 008 | 090108s19uu xx 00 eng d | ||
| 020 | _a13:9781422103289 | ||
| 050 |
_aHD 57.7 _b.F7515 2008 |
||
| 100 | _aFriedman, Stewart D. | ||
| 245 |
_aTotal leadership : _bbe a better leader, have a richer life / _cFriedman, Stewart D. |
||
| 260 |
_aBoston : _bHarvard Business Press, _c2008. |
||
| 300 |
_a248 p. : _bill. ; _c24 cm. |
||
| 521 | _aBSBA | ||
| 650 | _aBSBA. | ||
| 650 |
_aLeadership _xPsychological aspects. |
||
| 650 |
_aExecutives _xConduct of life. |
||
| 650 | _aQuality of work life. | ||
| 650 | _aWork and family. | ||
| 650 |
_aSelf-actualization (Psychology) _xProblems, exercises, etc. |
||
| 942 |
_cBK _2lcc _kFOR |
||
| 999 |
_c23422 _d23422 |
||